000 01026nam a2200277Ia 4500
003 OSt
005 20221005105700.0
006 a|||||r|||| 00| 0
007 ta
008 221004b |||||||| |||| 00| 0 hin d
020 _a9789352291649 (pbk)
_cIndian Rupees 100.00
024 _a27978
037 _bGift, 24/10/2016,
_cTextual
040 _aCRL
_cCRL
_bhin
041 _2hin
_ahin
082 _aO152,1N071x, P7
100 _aबच्चन, हरिवंश राय
245 0 _aसाठ गीत रत्न
246 _aSāṭh gīt ratna
260 _aनई दिल्ली
_bवाणी प्रकाशन भारत
_c2014
300 _a150पृ0
_ccm.
650 _aहिन्दी साहित्य
700 _a पुष्पा भारती, संपा.
942 _hO152,1N071x, P7
_cTEXL
_2cc
999 _c1016560
_d1016560